=LDR 00000nam 2200000 4500 =001 INLIS000000000022669 =005 20200422084557 =035 ##$$a 0010-061300000022669 =008 200422################g##########0#ind## =041 ##$$a Ind =082 ##$$a 2x3.51 =090 ##$$a 2x3.51, Haj d =100 ##$$a Alhajri, Sa'ad bin Sa'id =245 1#$$a Di antara dua pilihan /$c Sa'ad bin Sa'id Al Hajri ; penerjemah, Ali Yahya ' editor, Tim Azzam =260 ##$$a Jakarta :$b Pustaka Azzam,$c 1999 =300 ##$$a 267 hlm. ; $c 23 x 15 cm. =650 #4$$a Masalah Mati =850 ##$$a NBPNMAT =084 ##$$a 2x3.51 ALH d =250 ##$$a cet. 1 =700 #$$a Ali Yahya =520 ##$$a Judul asli, Al-A'mal bil-Khawatim =990 ##$$a 21602283/BPAP-NTB/2017 =990 ##$$a 20602669 =990 ##$$a 20602668